000 00299nam a22001337a 4500
008 170315b xxu||||| |||| 00| 0 eng d
020 _a060440236
041 _aeng
080 _23RD
_a591
100 _a7
101 _aSHM
245 _aGENERAL AND APPLIED ENTOMOLOGY
_cLITTLE, V.A
942 _2udc
_cBK
999 _c7817
_d7817